Kpop song has “beautiful/pretty” in their titles - Statistics

General Stats
  • This quiz has been taken 11 times
  • The average score is 8 of 15
Answer Stats
Hint Answer % Correct
Iz*one Pretty
89%
Ab6ix Pretty
89%
Treasure Beautiful
78%
Nct 2021 Beautiful
78%
Wanna one Beautiful
78%
Seventeen Beautiful
78%
Blackpink Pretty savage
67%
Seventeen Pretty U
67%
P1Harmony Pretty boy
44%
Hearts2Hearts Pretty please
33%
Kara Pretty girl
22%
Txt Beautiful strangers
11%
Nct dream Beautiful time
11%
Day 6 You were beautiful
11%
Purple kiss Pretty psycho
0%
No matching quizzes found
Score Distribution
Percent of People with Each Score
Percentile by Number Answered
Your Score History
You have not taken this quiz